The mythology of Tolkien's Middle-earth (Record no. 16816)
[ view plain ]
| 000 -LEADER | |
|---|---|
| fixed length control field | 01445cam a2200361 a 4500 |
| 001 - CONTROL NUMBER | |
| control field | 6273720 |
| 003 - CONTROL NUMBER IDENTIFIER | |
| control field | OSt |
| 005 - DATE AND TIME OF LATEST TRANSACTION | |
| control field | 20140310182839.0 |
| 008 - FIXED-LENGTH DATA ELEMENTS--GENERAL INFORMATION | |
| fixed length control field | 070703s2007 ncu b 001 0 eng |
| 010 ## - LIBRARY OF CONGRESS CONTROL NUMBER | |
| LC control number | 2007027682 |
| 020 ## - INTERNATIONAL STANDARD BOOK NUMBER | |
| International Standard Book Number | 0586046690 |
| 035 ## - SYSTEM CONTROL NUMBER | |
| System control number | (OCoLC)226102658 |
| 040 ## - CATALOGING SOURCE | |
| Original cataloging agency | DLC |
| Transcribing agency | DLC |
| Modifying agency | DLC |
| 050 00 - LIBRARY OF CONGRESS CALL NUMBER | |
| Classification number | PR 6039 |
| Item number | .N765 1977 |
| 082 00 - DEWEY DECIMAL CLASSIFICATION NUMBER | |
| Classification number | M 823.912 |
| Item number | N68 1977 |
| 099 ## - LOCAL FREE-TEXT CALL NUMBER (OCLC) | |
| Classification number | PR 6039 .O32Z8955 2007X ROBARTS |
| 245 14 - TITLE STATEMENT | |
| Title | The mythology of Tolkien's Middle-earth |
| Statement of responsibility, etc | Noel, Ruth S. |
| 260 ## - PUBLICATION, DISTRIBUTION, ETC. (IMPRINT) | |
| Place of publication, distribution, etc | New York : |
| Name of publisher, distributor, etc | Granada Publishing, |
| Date of publication, distribution, etc | c1977. |
| 300 ## - PHYSICAL DESCRIPTION | |
| Extent | 188 p. |
| Dimensions | 17 cm. |
| 490 0# - SERIES STATEMENT | |
| Series statement | Critical explorations in science fiction and fantasy ; |
| Volume number/sequential designation | 7 |
| 504 ## - BIBLIOGRAPHY, ETC. NOTE | |
| Bibliography, etc | Includes bibliographical references and index. |
| 505 0# - FORMATTED CONTENTS NOTE | |
| Formatted contents note | Influences in Tolkien's life -- Tolkien's mythology of creation -- Tolkien's mythology of divine beings -- The physical world of Middle-Earth and Ea -- Death and immortality among elves and men -- The last days of Middle-Earth -- The final victory. |
| 521 ## - TARGET AUDIENCE NOTE | |
| Target audience note | |
| 526 ## - STUDY PROGRAM INFORMATION NOTE | |
| Reading level | 1210L-1700L |
| 541 ## - IMMEDIATE SOURCE OF ACQUISITION NOTE | |
| -- | 1 |
| 562 ## - COPY AND VERSION IDENTIFICATION NOTE | |
| Number of copies | 1 |
| 600 10 - SUBJECT ADDED ENTRY--PERSONAL NAME | |
| Personal name | Tolkien, J. R. R. |
| Fuller form of name | (John Ronald Reuel), |
| Dates associated with a name | 1892-1973 |
| General subdivision | Criticism and interpretation. |
| 600 10 - SUBJECT ADDED ENTRY--PERSONAL NAME | |
| Personal name | Tolkien, J. R. R. |
| Fuller form of name | (John Ronald Reuel), |
| Dates associated with a name | 1892-1973 |
| General subdivision | Knowledge |
| -- | Mythology. |
| 650 #0 - SUBJECT ADDED ENTRY--TOPICAL TERM | |
| Topical term or geographic name as entry element | Fantasy fiction, English |
| General subdivision | History and criticism. |
| 650 #0 - SUBJECT ADDED ENTRY--TOPICAL TERM | |
| Topical term or geographic name as entry element | Middle Earth (Imaginary place) |
| 650 #0 - SUBJECT ADDED ENTRY--TOPICAL TERM | |
| Topical term or geographic name as entry element | Mythology in literature. |
| 942 ## - ADDED ENTRY ELEMENTS (KOHA) | |
| Source of classification or shelving scheme | Library of Congress Classification |
| Koha item type | Books |
| Call number prefix | |
| Withdrawn status | Lost status | Source of classification or shelving scheme | Damaged status | Home library | Current library | Shelving location | Date acquired | Source of acquisition | Total Checkouts | Full call number | Barcode | Date last seen | Date checked out | Copy number | Price effective from | Koha item type |
|---|---|---|---|---|---|---|---|---|---|---|---|---|---|---|---|---|
| Library of Congress Classification | Archives | Archives | 06/07/2013 | Donation | 1 | PR 6039 .N765 1977 | C4375 | 05/15/2018 | 06/16/2017 | 1 | 06/07/2013 | Books |